The English Monarchy - Statistics

General Stats
  • This quiz has been taken 248 times
  • The average score is 30 of 37
Answer Stats
Hint Answer % Correct
Wessex Edward the Confessor
96%
Tudor Henry VII
90%
Tudor Henry VIII
90%
Tudor Elizabeth I
89%
Lancaster Henry V
89%
Lancaster Henry VI
89%
Lancaster Henry VI
89%
Normandy William I
88%
Tudor Edward VI
87%
Normandy Henry I
87%
Plantagenet Edward II
86%
York Edward V
85%
Stuart James I
85%
Normandy William II
85%
Stuart Charles I
84%
Plantagenet Edward III
84%
Anjou Henry II
84%
Plantagenet Henry III
84%
Stuart Charles II
83%
York Edward IV
83%
York Edward IV
83%
Lancaster Henry IV
83%
Anjou Richard I
83%
Tudor Mary I
82%
Stuart James II
81%
Plantagenet Richard II
81%
York Richard III
81%
Plantagenet Edward I
80%
Anjou John
78%
Stuart Anne
76%
Stuart William III
75%
Disputed Tudor Lady Jane Grey
72%
Blois Stephen
72%
Commonwealth Oliver Cromwell
70%
Stuart Mary II
65%
Commonwealth Richard Cromwell
63%
Wessex Harold Godwinson
28%
No matching quizzes found
Score Distribution
Percent of People with Each Score
Percentile by Number Answered
Your Score History
You have not taken this quiz